000 01301pam a2200361 i 4500
001 582
003 FISKH
005 20231005080224.0
008 770217s1977 nyua j 000 1 eng
020 _a9780439148061
040 _aFISKH
_cFISKH
_dFISKH
_beng
042 _alcac
050 0 0 _aPZ7.C5792
051 _aPZ7.C5792
082 0 0 _a[Fic]
100 1 _aCleary, Beverly.
245 1 0 _aRamona and her father /
_cBeverly Cleary ; illustrated by Alan Tiegreen.
250 _aFirst Scholastic printing, October 1998.
260 _aNew York :
_bScholastic.
_c1998.
300 _a186 pages :
_billustrations ;
_c21 cm.
505 _aO
520 _aThe family routine is upset during Ramona's year in second grade when her father unexpectedly loses his job.
521 8 _a840
_bRaz-Plus
521 8 _aO
_bRaz-Plus
650 1 _aFathers and daughters
_xFiction.
650 1 _aFamily problems
_xFiction.
655 7 _aJuvenile literature
_y1977.
_2rbgenr
700 1 _aTiegreen, Alan.
_eIllustrator
856 4 2 _3Publisher description
_uhttp://www.loc.gov/catdir/description/hc043/77001614.html
856 4 2 _3Contributor biographical information
_uhttp://www.loc.gov/catdir/enhancements/fy1101/77001614-b.html
906 _a7
_bcbc
_corignew
_d1
_eocip
_f19
_gy-gencatlg
942 _2ddc
_cBK
_n0
999 _c582
_d582